000 02257nam0a2200373 4500
001 RU\NLR\BIBL_A\022618989
005 20251121143639.0
010 _a978-5-6050812-5-8
021 _aRU
_bКН-П-25-042175
_9КН-П-25-4103
035 _a(NLR Aleph) 022618989
090 _a13465296
_c13465296
100 _a20250910d2024 k y0rusy50 ca
101 0 _arus
102 _aRU
105 _aa z 100yy
181 0 _ai
_bxxxe
182 0 _an
200 1 _aМеждисциплинарный подход к лечению пациентов с сахарным диабетом
_eнаучно-практическая конференция, 17 октября 2024
_eматериалы конференции
_f[организатор: Информационно-выставочное агентство "ИнфоМедФарм Диалог"]
203 _aТекст
_bвизуальный
_cнепосредственный
210 _aМосква
_c[б. и.]
_d2024
215 _a11 с., включ. обл.
_cцв. ил.
_d21
225 1 _aШкола московского эндокринолога
225 1 _aВнедрение новых медицинских технологий, методик лечения и профилактики заболеваний в практическое здравоохранение
309 _aБез тит. л. Описано по обл.
320 _aБиблиогр. в конце ст.
606 1 _aСахарный диабет
_xТерапия
_jСъезды, совещания и т.п
_2nlr_sh1
_2nlr_sh2
_3RU\NLR\AUTH\6652392
686 1 _aР415.160.23-5я431(2)
711 1 2 _a"Междисциплинарный подход к лечению пациентов с сахарным диабетом", научно-практическая конференция
_f2024, октябрь
_eМосква
_3RU\NLR\AUTH\880630821
712 0 2 _a"Инфомедфарм Диалог", информационно-выставочное агентство
_cМосква
_3RU\NLR\AUTH\880635030
_4557
942 _cBOOK
980 _aNB